| 000 | 00625nam a2200229Ia 4500 | ||
|---|---|---|---|
| 005 | 20260320201851.0 | ||
| 008 | 008 262003s9999 xx 000 0 eng d | ||
| 037 | _aEBOOK | ||
| 040 | _aCRL | ||
| 040 | _beng | ||
| 040 | _cCRL | ||
| 041 | _2eng | ||
| 041 | _aeng | ||
| 084 | _qCRL | ||
| 100 |
_aKolodiazhnyi _91136159 |
||
| 245 | 0 | _aHands-On Machine Learning with C++: Build, train, and deploy end-to-end machine learning and deep learning pipelines | |
| 260 | _bIEEE | ||
| 856 | _uhttps://ieeexplore.ieee.org/servlet/opac?bknumber=10949028 | ||
| 942 | _cEBOOK | ||
| 999 |
_c1723982 _d1723982 |
||